000 00678nam a2200205 a 4500
001 BRCA_1718
005 20190320203524.0
008 010612s2000 mx-a---##b---l000-0#spa-#
040 _aDLC
_cDLC
_dDLC
050 4 _aF1386.1
_b.B73 2000
100 1 _aBrehme, Hugo
_95376
245 1 0 _aLa Ciudad de México transformada
_cHugo Brehme, Pedro Hiriart fotógrafos.
260 _aMéxico
_bGobierno del Distrito Federal : Delegación Cuauhtémoc
_c2000
300 _a151 p.
_bil.
_c29 cm.
504 _aBibliografía: p. 151
651 4 _aMéxico (Ciudad)
_vTrabajos Ilustrados
_95377
651 4 _aMéxico (Ciudad)
_xHistoria
_95378
700 1 _aHiriart, Pedro
_95379
942 _2lcc
_cB
999 _c1508
_d1508